000
00314nam a22001337a 4500
008
170421b xxu||||| |||| 00| 0 eng d
020
_a
9780895826848
041
_a
eng
080
_2
5TH
_a
573
100
_a
11
101
_a
SHM
245
_a
A PHOTOGRAPHIC ATLAS FOR THE BIOOGY
_c
DEGRAFF, K.M.V
942
_2
udc
_c
BK
999
_c
11563
_d
11563